Paroles - Tatoue Moi - Mozart L'Opéra Rock - Statistiques

Statistiques générales
  • Ce quiz a été pris 1 135 fois
  • Le résultat moyen est 111 sur 150
Statistiques - réponses
Paroles % Correct
moi
99%
sur
99%
Sur
99%
ta
99%
Tatoue
99%
te
99%
Te
99%
le
98%
tes
98%
de
97%
mes
97%
seins
97%
je
96%
Je
96%
à
95%
lèvres
94%
ma
94%
ça
93%
du
93%
Fais
93%
bout
92%
que
91%
Que
91%
ferai
89%
mains
89%
plaise
89%
Un
88%
les
87%
Les
87%
futur
84%
baiserai
83%
et
83%
Et
83%
des
82%
composer
81%
dans
81%
ton
81%
Ce
80%
murs
79%
toutes
79%
veux
79%
dorures
78%
Allons
76%
Pour
75%
pour
75%
lit
73%
soir
73%
libertine
72%
viens
72%
graver
71%
luxures
71%
M'inviter
71%
nous
71%
Gens
70%
braves
69%
Divine
69%
leur
69%
Bras
68%
bras
68%
aimer
67%
comprendre
66%
J'apprendrai
65%
serai
65%
surprendre
65%
accent
64%
bourgeois
64%
langue
64%
Chez
63%
mesure,
62%
mesure
62%
maris
61%
mon
61%
dessous
60%
dessus
60%
Laissons
60%
au
59%
Candide
59%
conscience
59%
tatouer
59%
Ils
58%
Dormir
57%
sont
57%
arrogance
55%
décadent
54%
sans
54%
crainte
53%
Siffler
53%
travers
53%
frivole
52%
n'ayons
52%
regards
52%
richesse
52%
Taquiner
52%
m'importe
51%
nez
51%
vin
50%
rires
49%
vile
49%
étendard
48%
Laisse
47%
sous
47%
toi
45%
draps
44%
Sortons
43%
jusqu'à
42%
tomber
42%
Glisse
40%
terre
39%
l'outrance
37%
délices
35%
l'indécence
33%
Dérivons
32%
Chantons
31%
bienséants
25%
Aucun quiz correspondant
Distribution des résultats
% des personnes avec chaque résultat
Percentile par nombre de réponses
Votre historique - résultats
Vous n’avez pas pris ce quiz